Normal view
MARC view
Entry Personal Name
001 - CONTROL NUMBER
- control field: 562367
003 - CONTROL NUMBER IDENTIFIER
- control field: OSt
005 - DATE AND TIME OF LATEST TRANSACTION
- control field: 20220930193500.0
008 - FIXED-LENGTH DATA ELEMENTS
- fixed length control field: 220930|| aca||aabn | a|a d
040 ## - CATALOGING SOURCE
- Original cataloging agency: OSt
- Transcribing agency: OSt
100 ## - HEADING--PERSONAL NAME
- Personal name: Nayyar Arun Kumar
670 ## - SOURCE DATA FOUND
- Source citation: Work cat.: (OSt)896544: Nayyar Arun Kumar, Respiratory tract infections after intubation / tracheostomy in intensive care unit (ICU) of a big hospital , 1980
